Bài tập cơ sở lí thuyết các quá trình hoá học
Nội dung tài liệu tập hợp các bài tập về cơ sở hoá học, diễn biến của các quá trình hoá học, nhiệt động hoá học, cân bằng hoá học, dung dịch, phản ứng ôxy hoá khử...
Wedi'i Gadw mewn:
| Prif Awdur: | |
|---|---|
| Awduron Eraill: | , |
| Fformat: | Llyfr |
| Iaith: | Vietnamese |
| Cyhoeddwyd: |
H.
Giáo dục
2020
|
| Rhifyn: | Tái bản lần thứ 10 |
| Pynciau: | |
| Tagiau: |
Ychwanegu Tag
Dim Tagiau, Byddwch y cyntaf i dagio'r cofnod hwn!
|
| Thư viện lưu trữ: | Thư viện Trường Đại học Nam Cần Thơ |
|---|
| LEADER | 02633aam a22003378a 4500 | ||
|---|---|---|---|
| 001 | NCT_139362 | ||
| 008 | 130514s2013 ||||||viesd | ||
| 999 | |c 7185 |d 7185 | ||
| 020 | |c 35000 |a 9786040245212 | ||
| 082 | 0 | 4 | |2 23rd ed. |a 541.76 |b Đ450 |
| 100 | 1 | |a Vũ Đăng Độ |e Chủ biên | |
| 245 | 1 | 0 | |a Bài tập cơ sở lí thuyết các quá trình hoá học |c Vũ Đăng Độ (Chủ biên) ; Trịnh Ngọc Châu, Nguyễn Văn Nội |
| 250 | |a Tái bản lần thứ 10 | ||
| 260 | |a H. |b Giáo dục |c 2020 | ||
| 300 | |a 171tr. |b hình vẽ, bảng |c 21cm | ||
| 520 | 3 | |a Nội dung tài liệu tập hợp các bài tập về cơ sở hoá học, diễn biến của các quá trình hoá học, nhiệt động hoá học, cân bằng hoá học, dung dịch, phản ứng ôxy hoá khử... | |
| 653 | |a Công nghệ hóa học | ||
| 700 | 1 | |a Trịnh Ngọc Châu | |
| 700 | 1 | |a Nguyễn Văn Nội | |
| 942 | |2 ddc |c BK | ||
| 952 | |0 0 |1 0 |2 ddc |4 0 |6 541_760000000000000_Đ450 |7 0 |9 25759 |a 000001 |b 000001 |d 2022-07-21 |o 541.76 Đ450 |p MD.20332 |r 2022-07-21 |v 35000.00 |w 2022-07-21 |y BK | ||
| 952 | |0 0 |1 0 |2 ddc |4 0 |6 541_760000000000000_Đ450 |7 0 |9 25760 |a 000001 |b 000001 |d 2022-07-21 |o 541.76 Đ450 |p MD.20333 |r 2022-07-21 |v 35000.00 |w 2022-07-21 |y BK | ||
| 952 | |0 0 |1 0 |2 ddc |4 0 |6 541_760000000000000_Đ450 |7 0 |9 25761 |a 000001 |b 000001 |d 2022-07-21 |o 541.76 Đ450 |p MD.20334 |r 2022-07-21 |v 35000.00 |w 2022-07-21 |y BK | ||
| 952 | |0 0 |1 0 |2 ddc |4 0 |6 541_760000000000000_Đ450 |7 0 |9 25762 |a 000001 |b 000001 |d 2022-07-21 |o 541.76 Đ450 |p MD.20335 |r 2022-07-21 |v 35000.00 |w 2022-07-21 |y BK | ||
| 952 | |0 0 |1 0 |2 ddc |4 0 |6 541_760000000000000_Đ450 |7 0 |9 25763 |a 000001 |b 000001 |d 2022-07-21 |o 541.76 Đ450 |p MD.20336 |r 2022-07-21 |v 35000.00 |w 2022-07-21 |y BK | ||
| 952 | |0 0 |1 0 |2 ddc |4 0 |6 541_760000000000000_Đ450 |7 0 |9 25764 |a 000001 |b 000001 |d 2022-07-21 |o 541.76 Đ450 |p MD.20337 |r 2022-07-21 |v 35000.00 |w 2022-07-21 |y BK | ||
| 952 | |0 0 |1 0 |2 ddc |4 0 |6 541_760000000000000_Đ450 |7 0 |9 25765 |a 000001 |b 000001 |d 2022-07-21 |o 541.76 Đ450 |p MD.20338 |r 2022-07-21 |v 35000.00 |w 2022-07-21 |y BK | ||
| 952 | |0 0 |1 0 |2 ddc |4 0 |6 541_760000000000000_Đ450 |7 0 |9 25766 |a 000001 |b 000001 |d 2022-07-21 |o 541.76 Đ450 |p MD.20339 |r 2022-07-21 |v 35000.00 |w 2022-07-21 |y BK | ||
| 952 | |0 0 |1 0 |2 ddc |4 0 |6 541_760000000000000_Đ450 |7 0 |9 25767 |a 000001 |b 000001 |d 2022-07-21 |o 541.76 Đ450 |p MD.20340 |r 2022-07-21 |v 35000.00 |w 2022-07-21 |y BK | ||
| 952 | |0 0 |1 0 |2 ddc |4 0 |6 541_760000000000000_Đ450 |7 0 |9 25768 |a 000001 |b 000001 |d 2022-07-21 |o 541.76 Đ450 |p MD.20341 |r 2022-07-21 |v 35000.00 |w 2022-07-21 |y BK | ||
| 980 | |a Thư viện Trường Đại học Nam Cần Thơ | ||


